[Event "BAN-chB 47th"]
[Site "Dhaka"]
[Date "2022.11.04"]
[Round "9"]
[White "Swadhin, Sarkar"]
[Black "Neloy, Debnath"]
[Result "0-1"]
[WhiteElo "1938"]
[BlackElo "1785"]
[PlyCount "74"]
[EventDate "2022.10.27"]
[EventType "swiss"]
[EventRounds "11"]
[EventCountry "BAN"]
[SourceTitle "EXT 2024"]
[Source "ChessBase"]
[SourceDate "2023.10.10"]
[SourceVersion "1"]
[SourceVersionDate "2023.10.10"]
[SourceQuality "1"]

1. d4 g6 2. e4 d6 3. Bf4 Bg7 4. Nc3 c6 5. Nge2 Nf6 6. Qd2 b5 7. f3 Qa5 8. a3 Nbd7 9. Nc1 e5 10. Be3 exd4 11. Bxd4 0-0 12. Nb3 Qc7 13. Be2 a5 14. 0-0 Nb6 15. Be3 Rd8 16. Rfd1 Be6 17. Nd4 Bc4 18. b3 Bxe2 19. Ndxe2 d5 20. e5 Nfd7 21. f4 b4 22. axb4 axb4 23. Na4 Nxa4 24. bxa4 Bf8 25. c3 Rdb8 26. c4 Nb6 27. cxd5 Nxd5 28. Bd4 c5 29. Bb2 Rd8 30. Rdc1 c4 31. Bd4 c3 32. Qc2 Qc4 33. Qe4 Nc7 34. Kf1 Bc5 35. Rd1 Ne6 36. Rd3 Bxd4 37. f5 Nc5 0-1

[Event "BAN-chT"]
[Site "Dhaka"]
[Date "2022.03.19"]
[Round "10.3"]
[White "Manon, Reja Neer"]
[Black "Neloy, Debnath"]
[Result "1-0"]
[WhiteElo "2164"]
[BlackElo "1823"]
[PlyCount "101"]
[EventDate "2022.03.10"]
[EventType "team-tourn"]
[EventRounds "11"]
[EventCountry "BAN"]
[SourceTitle "CBM 207 Extra"]
[Source "ChessBase"]
[SourceDate "2022.05.31"]
[SourceVersion "1"]
[SourceVersionDate "2022.05.31"]
[SourceQuality "1"]
[WhiteTeam "Uttara Central CC"]
[BlackTeam "Janata Bank Officer Welfare"]
[WhiteTeamCountry "BAN"]
[BlackTeamCountry "BAN"]

1. e4 d6 2. d4 Nf6 3. Bd3 g6 4. Nf3 Bg4 5. Be3 Nbd7 6. Nbd2 Bg7 7. h3 Bxf3 8. Nxf3 0-0 9. Qd2 e5 10. d5 Re8 11. c4 b6 12. Bc2 a5 13. Qe2 a4 14. Nd2 Nh5 15. g3 Ra6 16. c5 Qc8 17. Bd3 Ra8 18. cxd6 cxd6 19. Bb5 Rf8 20. Nc4 Nc5 21. Nxb6 Qc7 22. Nxa8 Rxa8 23. Bc6 Rb8 24. Bxc5 Qa5+ 25. Kf1 Qxc5 26. Kg2 Bh6 27. Bxa4 f5 28. exf5 Qxd5+ 29. Qf3 e4 30. Qb3 Qxb3 31. Bxb3+ Kf8 32. fxg6 hxg6 33. Rad1 Ke7 34. Rhe1 Nf6 35. f3 Rb4 36. fxe4 Nd7 37. Re2 Bg7 38. Bd5 Rb6 39. b4 Be5 40. a3 Rb8 41. Re3 Kd8 42. Rc1 Nb6 43. Rb3 Nd7 44. h4 Nf6 45. a4 Nxd5 46. Rc4 Kd7 47. exd5 Bf6 48. b5 Bd8 49. b6 Rb7 50. a5 g5 51. Rc6 1-0